Statistics for NF Charting Songs (Billboard Hot Rap / R&B)

Click here to take the quiz!

General Stats

  • This quiz has been taken 52 times
    (19 since last reset)
  • The average score is 8 of 10

Answer Stats

AlbumWeeks OnPeakArtist(s)Song% Correct
Clouds (The Mixtape)4 Weeks#22NFClouds
100%
Hope1 Week#16NFHope
100%
Perception26 Weeks#6NFLet You Down
100%
The Search2 Weeks#27NFThe Search
94%
Clouds (The Mixtape)1 Week#33NF ft. HopsinLost
81%
The Search2 Weeks#28NFWhen I Grow Up
81%
Perception20 Weeks#19NFLie
69%
The Search20 Weeks#19NFTime
69%
The Search1 Week#33NFLeave Me Alone
63%
Non-Album Single1 Week#35NFNo Name
56%

Score Distribution

Percentile by Number Answered

Percent of People with Each Score

Your Score History

You have not taken this quiz since the last reset